000 00674nam a2200253Ia 4500
003 OSt
005 20221005051209.0
006 a|||||r|||| 00| 0
007 ta
008 221004b |||||||| |||| 00| 0 eng d
024 _a21500
037 _cTextual
040 _aCRL
_cCRL
_beng
041 _2eng
_aeng
082 _aUk, N3 (R R)
100 _aKerrod Robin Ed
_9595721
245 0 _aEncyclopaedia of the earth
260 _aLondon
_bAndromeda
_c1993
300 _a240p
_ccm.
650 _a GEOGRAPHY
650 _aENCYCLOPEDIAS AND DICTIONARIES
_977
942 _hUk, N3 (R R)
_cTEXL
_2cc
999 _c958412
_d958412